| 000 | 00981cam a2200265 i 4500 | ||
|---|---|---|---|
| 003 | SA-RiAUC | ||
| 005 | 20241210064235.0 | ||
| 008 | 241206s2006 su g 000r0 ara c | ||
| 020 | _a9960978230 | ||
| 040 |
_aSA-MaMIU _bara _cSA-RiAUC _erda |
||
| 082 | 0 | 4 |
_a252.5 _qSA-RiAUC |
| 090 |
_a252.5 _bز ر ق |
||
| 100 | 1 |
_aالزرقي، عادل بن عبد الشكور _eمؤلف. |
|
| 245 | 1 | 0 |
_aمنسك عطاء / _cتأليف عادل بن عبد الشكور الزرقي. |
| 250 | _aالطبعة الأولى. | ||
| 264 | 1 |
_aالرياض : _bدار المحدث للنشر والتوزيع، _c[2006] |
|
| 300 |
_a229 صفحة ؛ _c24 سم |
||
| 336 |
_aنص _btxt _2rdacontent _3كتاب |
||
| 337 |
_aبدون وسيط _bn _2rdamedia |
||
| 338 |
_aمجلد _bnc _2rdacarrier |
||
| 650 | 7 |
_aالحج (فقه إسلامي) _xمناسك _2aucsh |
|
| 650 | 7 |
_aالعمرة (فقه إسلامي) _2aucsh |
|
| 942 |
_2ddc _cBOOK _n0 |
||
| 949 |
_aSA-JeALM _d241206 _umohamedma123 _n1 |
||
| 999 |
_c3233 _d3233 |
||